000
00307nam a2200133Ia 4500
100
_a
Modi/P.N/ Seth/S.M
942
_c
BK
654
_a
hydraulics
245
_a
Hydraulics and fluid mechanics
260
_b
Standard Book house
_a
New Delhi
_c
1985
082
_a
532
_b
RAM
300
_a
1392
546
_a
ENGLISH
999
_c
33353
_d
33353